[Event "Muscat-ch op"]
[Site "Muscat"]
[Date "2024.12.29"]
[Round "6"]
[White "Rabar Bakhtyar, Hama Saleh"]
[Black "Ahmed, Ali"]
[Result "1/2-1/2"]
[WhiteElo "1683"]
[BlackElo "1894"]
[PlyCount "137"]
[EventDate "2024.12.26"]
[EventType "swiss"]
[EventRounds "9"]
[EventCountry "OMN"]
[SourceTitle "CB01_2025"]
[SourceDate "2025.01.01"]
[SourceVersion "1"]
[SourceVersionDate "2025.01.01"]
[SourceQuality "1"]

1. d4 Nf6 2. c4 g6 3. g3 Bg7 4. Bg2 d6 5. Nf3 0-0 6. 0-0 c6 7. Nc3 Qa5 8. h3 Be6 9. Qd3 Qa6 10. b3 d5 11. c5 Qxd3 12. exd3 Bf5 13. Rd1 Nfd7 14. Be3 Nxc5 15. g4 Be6 16. Ng5 h6 17. dxc5 hxg5 18. d4 Bf6 19. b4 Bc8 20. Rac1 Nd7 21. a4 e5 22. Ne2 exd4 23. Nxd4 Ne5 24. b5 Bd7 25. Nf3 Nxf3+ 26. Bxf3 Rfd8 27. Bd2 cxb5 28. Ba5 Rdc8 29. Bxd5 Bc6 30. axb5 Bxd5 31. Rxd5 b6 32. Bb4 Be7 33. Rc3 a6 34. bxa6 Rxa6 35. cxb6 Rxc3 36. Bxc3 Rxb6 37. Rd7 Kf8 38. Bd4 Rb5 39. Ra7 Ke8 40. Be3 f5 41. Ra6 f4 42. Bd4 Kf7 43. Kg2 Rd5 44. Ra4 Rb5 45. Rc4 Ke6 46. Rc3 Kd5 47. Bg7 Ke6 48. Rd3 Rb1 49. Bh8 Bd6 50. Bg7 Rb7 51. Bh8 Rb8 52. Bg7 Rg8 53. Bc3 Ra8 54. Bg7 Ra2 55. Bh8 Bc5 56. Bd4 Bd6 57. Bg7 Ra7 58. Bh8 Bc5 59. Bb2 Ra2 60. Bd4 Bd6 61. Bg7 Ra4 62. Bh8 Ra6 63. Bg7 Bc5 64. Bh8 Ra2 65. Bd4 Bb4 66. Bg7 Ra7 67. Bh8 Ra2 68. Bg7 Be1 69. Bh8 1/2-1/2

[Event "Muscat-ch op"]
[Site "Muscat"]
[Date "2024.12.27"]
[Round "3"]
[White "Ahmed, Ali"]
[Black "Akshobhya, Damodar Katti"]
[Result "0-1"]
[WhiteElo "1894"]
[BlackElo "1602"]
[PlyCount "126"]
[EventDate "2024.12.26"]
[EventType "swiss"]
[EventRounds "9"]
[EventCountry "OMN"]
[SourceTitle "CB01_2025"]
[SourceDate "2025.01.01"]
[SourceVersion "1"]
[SourceVersionDate "2025.01.01"]
[SourceQuality "1"]

1. Nf3 d5 2. g3 c5 3. Bg2 Nc6 4. d3 e5 5. 0-0 Be7 6. c4 Nf6 7. cxd5 Nxd5 8. Qb3 Nb6 9. Nc3 Be6 10. Qd1 0-0 11. Be3 f6 12. Na4 Nd4 13. Nc3 Qd7 14. Re1 Rac8 15. b3 Rfd8 16. Rc1 Nd5 17. Bd2 a6 18. Ne4 b6 19. Bc3 Nxc3 20. Nxc3 b5 21. Nd2 Nc6 22. Nce4 Nb4 23. Nc3 Nc6 24. Nce4 Nb4 25. Nc3 f5 26. Nf3 Bf6 27. a3 Nc6 28. Nb1 Na5 29. Nbd2 Qf7 30. Rb1 e4 31. Nh4 g5 32. Nxf5 Bxf5 33. Nxe4 Bxe4 34. Bxe4 c4 35. bxc4 Nxc4 36. a4 Nb2 37. Rxb2 Bxb2 38. Qb1 Bc3 39. Rf1 b4 40. e3 b3 41. d4 b2 42. Qd1 Rb8 43. Qg4 Qe7 44. Bb1 Rb4 45. h4 Rxa4 46. hxg5 Ra1 47. g6 Rxb1 48. Rxb1 h6 49. Qf5 Rf8 50. Qd3 Rc8 51. Qxa6 Rc7 52. d5 Qe4 53. Qa2 Kg7 54. d6 Rd7 55. Rd1 Qxg6 56. Qb3 Be5 57. Qb5 Qe6 58. f4 Bf6 59. f5 Qxe3+ 60. Kh2 Qa7 61. Qb4 Qf2+ 62. Kh3 Qxf5+ 63. Kh2 Qh5+ 0-1

[Event "Suhar op"]
[Site "Suhar"]
[Date "2024.12.14"]
[Round "6"]
[White "Allam, Emad Hamdy"]
[Black "Ahmed, Ali"]
[Result "1-0"]
[WhiteElo "2044"]
[BlackElo "1894"]
[PlyCount "90"]
[EventDate "2024.12.12"]
[EventType "swiss"]
[EventRounds "7"]
[EventCountry "OMN"]
[SourceTitle "CB52_2024"]
[SourceDate "2024.12.25"]
[SourceVersion "1"]
[SourceVersionDate "2024.12.25"]
[SourceQuality "1"]

1. c4 Nf6 2. Nc3 d6 3. g3 g6 4. Bg2 Bg7 5. d3 0-0 6. h3 c6 7. e4 h6 8. Nge2 Na6 9. 0-0 e5 10. Be3 Nd7 11. Qd2 Kh7 12. f4 f5 13. d4 fxe4 14. Nxe4 d5 15. cxd5 cxd5 16. N4c3 exd4 17. Bxd4 Nf6 18. Rad1 Nc7 19. Be5 Be6 20. Nd4 Bg8 21. g4 Ne4 22. Nxe4 Bxe5 23. Ng5+ hxg5 24. fxe5 Qe7 25. Qe3 Rae8 26. Rde1 Rxf1+ 27. Bxf1 Rf8 28. Bg2 Rf4 29. Rf1 Qf8 30. Nf3 Kg7 31. Nxg5 Rxf1+ 32. Bxf1 Qb4 33. Qf2 Qf8 34. Qxf8+ Kxf8 35. Bd3 Bf7 36. Kf2 Ke7 37. Ke3 Ne6 38. Nxe6 Kxe6 39. Kd4 g5 40. Bf5+ Ke7 41. Kc5 b6+ 42. Kd4 a5 43. Bc8 Be6 44. Bxe6 Kxe6 45. a4 Ke7 1-0

[Event "IRQ-ch op 2nd"]
[Site "Baghdad"]
[Date "2013.03.10"]
[Round "7"]
[White "Al Rufaye, Iman Hasan Mohammed"]
[Black "Ahmed, Ali"]
[Result "1-0"]
[WhiteElo "2156"]
[BlackElo "2042"]
[PlyCount "59"]
[EventDate "2013.03.06"]
[EventType "swiss"]
[EventRounds "9"]
[EventCountry "IRQ"]
[SourceTitle "CBM 153 Extra"]
[Source "ChessBase"]
[SourceDate "2013.04.22"]
[SourceVersion "1"]
[SourceVersionDate "2013.04.22"]
[SourceQuality "1"]

1. e4 d5 2. exd5 Nf6 3. d4 Qxd5 4. Nc3 Qa5 5. Nf3 Nc6 6. h3 Ne4 7. Bd2 Nxd2 8. Qxd2 e6 9. Bd3 Bd7 10. 0-0 h6 11. a3 Qh5 12. Ne2 f5 13. Nf4 Qf7 14. Rfe1 0-0-0 15. Bc4 Re8 16. Qe2 g5 17. Nxe6 g4 18. hxg4 fxg4 19. Nxf8 Qh5 20. Ne5 Nxe5 21. dxe5 Rhxf8 22. e6 Bc6 23. e7 Rf4 24. Be6+ Kb8 25. Rad1 Qg5 26. Qd2 a6 27. Bd7 g3 28. fxg3 Qxg3 29. Bxe8 Bxe8 30. Qe3 1-0

[Event "Alexandria op 18th"]
[Site "Alexandria"]
[Date "2012.09.01"]
[Round "6"]
[White "Ahmed, Ali"]
[Black "Elnemr, Mohamed"]
[Result "1-0"]
[WhiteElo "2042"]
[BlackElo "2081"]
[PlyCount "133"]
[EventDate "2012.08.27"]
[EventType "swiss"]
[EventRounds "9"]
[EventCountry "EGY"]
[SourceTitle "CBM 150 Extra"]
[Source "ChessBase"]
[SourceDate "2012.10.19"]
[SourceVersion "1"]
[SourceVersionDate "2012.10.19"]
[SourceQuality "1"]

1. Nf3 Nf6 2. g3 g6 3. Bg2 Bg7 4. 0-0 0-0 5. d3 d5 6. Nc3 c5 7. e4 dxe4 8. dxe4 Nc6 9. h3 Be6 10. Be3 b6 11. Qe2 h6 12. Rad1 Qc8 13. Kh2 a6 14. Nd5 Bxd5 15. exd5 Nb4 16. Ng1 Rd8 17. d6 exd6 18. Bxa8 Qxa8 19. c3 Nc6 20. Qf3 Kh7 21. Bf4 d5 22. Bc7 Re8 23. Bxb6 Ne5 24. Qg2 Qc6 25. Ba5 Nc4 26. b4 Ne4 27. Rfe1 Bxc3 28. b5 axb5 29. Bxc3 Nxc3 30. Qf3 Rxe1 31. Qxf7+ Kh8 32. Rxe1 Ne4 33. f3 Qf6 34. Qxd5 Ned6 35. Re6 Qb2+ 36. Kh1 Qd4 37. Qc6 Kg7 38. Qd7+ Nf7 39. Qxb5 Nce5 40. Qb7 c4 41. f4 Nd3 42. Re7 Qf6 43. Ne2 Nc5 44. Qc7 Ne6 45. Qa7 Ned8 46. Qd7 Qa1+ 47. Kg2 Qxa2 48. Qxd8 Qxe2+ 49. Rxe2 Nxd8 50. Rc2 Kf6 51. Rxc4 g5 52. fxg5+ hxg5 53. Kf3 Nf7 54. Rc5 Ne5+ 55. Rxe5 Kxe5 56. Kg4 Kf6 57. Kh5 Kf5 58. g4+ Kf6 59. Kh6 Kf7 60. Kxg5 Kg7 61. h4 Kh7 62. Kf6 Kg8 63. h5 Kf8 64. g5 Kg8 65. h6 Kh7 66. Kf7 Kh8 67. h7 1-0